000 01475nam a22004094c 4500
001 198548
003 SpMaBN
005 20260701174653.0
008 260701s2014 sp a | |||| 000 f spa
015 _aMON14
017 _aM 36949-2014
_bOficina Depósito Legal Madrid
020 _a9788494180279
035 _a(OCoLC)908827017
035 _a(SpMaBN)a5632845
040 _aSpMaBN
_bspa
_cSpMaBN
_erdc
080 _a821.521-31"19"
100 1 _aShiba, Ryōtarō
_d1923-1996
_4aut
_9243310
240 1 0 _aFukurō no shiro
_lEspañol
245 1 3 _aEl castillo de los búhos
_cRyōtarō Shiba ; traducción, Ismael Funes Aguilera, Bárbara Pesquer Isasi
260 _aSan Fernando de Henares, Madrid
_bQuaterni
_cD.L. 2014
300 _a372 p.
_bil., mapas
_c23 cm
336 _aTexto (visual)
_2isbdcontent
337 _asin mediación
_2isbdmedia
338 _2rdacarrier
_avolumen
500 _aRegistro provisional. DJ-53. Depósito J
594 _aTítulo paralelo en japonés
594 _aTítulo original: Fukurō no shiro
700 1 _aFunes Aguilera, Ismael
_etrl
_4trl
_9243311
700 1 _aPesquer Isasi, Bárbara
_etrl
_4trl
_9243312
852 _aES-MaACL
_cDEPOJ
_jDJ-53
_hDonación: José Lázaro García
_xEncuadernación rustica con solapas
_zEn proceso
901 _aMON1504
942 _2udc
_cMONOGRAFIA
_n0
956 _a2
999 _c198548
_d198548